00366 2200145 4500001002100000005001500021035002000036245003900056100002100095260004800116082001000164084001600174020001800190990001200208INLIS00000000000167820250429112124 a0010-04250000941 aHarlem Beat 16 /cYuriko Nishiyama0 aYuriko Nishiyama aJakarta :bPT. Elek Media Komputindo,c2001 a741.3 a741.3 YUR h a979-20-1357-1 a0754665